000 01231nam a2200265Ia 4500
003 OSt
005 20220930094826.0
006 a|||||r|||| 00| 0
007 ta
008 220926b |||||||| |||| 00| 0 hin d
024 _a20542
037 _cTheses
040 _aCRL
_cCRL
_bhin
041 _2hin
_ahin
100 _aपीयूष राज
110 _aदिल्ली विश्वविद्यालय. कला संकाय. संस्कृत विभाग
_9556379
245 0 _aतर्कभाषात्रयी का विश्लेषणात्मक अध्ययन (न्याय, बौद्ध एवं जैन सम्मत)
246 _aTarkabhāṣhātrayī kā vishleṣhaṇātmak adhyayan (nyāya, bauddha evan jain sammata)
260 _c2014
650 _aसंस्कृत साहित्य
700 _a डॉ. ओमनाथ बिमली, गा.
_9556380
700 _aदिल्ली विश्वविद्यालय. कला संकाय. संस्कृत विभाग
_9556381
942 _cDIS
_2CC
999 _c887732
_d887732